Paula the vet / (Record no. 47878)
| 000 -LEADER | |
|---|---|
| fixed length control field | 00471nam a2200157 4500 |
| 020 ## - INTERNATIONAL STANDARD BOOK NUMBER | |
| International Standard Book Number | 9780198467038 |
| 100 ## - MAIN ENTRY--PERSONAL NAME | |
| Personal name | Donaldson, Julia, |
| Relator term | author. |
| 9 (RLIN) | 45441 |
| 245 ## - TITLE STATEMENT | |
| Title | Paula the vet / |
| Statement of responsibility, etc | by Julia Donaldson. |
| 260 ## - PUBLICATION, DISTRIBUTION, ETC. (IMPRINT) | |
| Place of publication, distribution, etc | UK ; |
| Name of publisher, distributor, etc | Oxford University Press : |
| Date of publication, distribution, etc | 2008. |
| 300 ## - PHYSICAL DESCRIPTION | |
| Extent | 24 pages. |
| Dimensions | 7.6 x 0.1 x 8.62 inches. |
| 490 ## - SERIES STATEMENT | |
| Series statement | songbirds |
| 650 ## - SUBJECT ADDED ENTRY--TOPICAL TERM | |
| 9 (RLIN) | 44788 |
| Topical term or geographic name as entry element | Jobs People Do |
| 650 #0 - SUBJECT ADDED ENTRY--TOPICAL TERM | |
| 9 (RLIN) | 57253 |
| Topical term or geographic name as entry element | Occupations. |
| 650 ## - SUBJECT ADDED ENTRY--TOPICAL TERM | |
| 9 (RLIN) | 61727 |
| Topical term or geographic name as entry element | Doctors |
| Form subdivision | Juvenile fiction. |
| 942 ## - ADDED ENTRY ELEMENTS (KOHA) | |
| Source of classification or shelving scheme | |
| Koha item type | Book |
| Withdrawn status | Lost status | Source of classification or shelving scheme | Damaged status | Not for loan | Home library | Current library | Date acquired | Total Checkouts | Full call number | Barcode | Date last seen | Date checked out | Price effective from | Koha item type |
|---|---|---|---|---|---|---|---|---|---|---|---|---|---|---|
| Logos International School | Logos International School | 11/19/2024 | 4 | X DON | 040133 | 02/26/2026 | 02/19/2026 | 11/19/2024 | Book |